| 000 | 00532nam a2200157 i 4500 | ||
|---|---|---|---|
| 001 | 25273 | ||
| 003 | ES-MaACL | ||
| 007 | t| | ||
| 008 | 021223s1897 sp ||||1| spa d | ||
| 245 | 0 | 0 | _aAranceles de aduanas para la Isla de Cuba autorizado por Real Decreto de 8 de agosto de 1897. |
| 260 |
_aMadrid : _b[s.n., _c1897] ( _fVda. de M. Minuesa de los Ríos) |
||
| 300 |
_a405 p. ; _c23 cm. |
||
| 500 | _aPrecede al tít.: Ministerio de Ultramar. | ||
| 710 | 1 |
_aEspaña. _bMinisterio de Ultramar. _93937 |
|
| 852 |
_aES-MaACL _jG-6085 |
||
| 999 |
_c25273 _d25273 |
||